| Tag |
First Indicator |
Second Indicator |
Subfields |
| LEADER |
00000cam a2200000 a 4500 |
| 001 |
in00002351544 |
| 005 |
20201128064730.0 |
| 008 |
061114s2007 nyua c 000 f eng |
| 010 |
|
|
|a 2006031883
|
| 020 |
|
|
|a 1416909834 (hardcover : alk. paper)
|
| 020 |
|
|
|a 9781416909835 (hardcover : alk. paper)
|
| 035 |
|
|
|a (OCoLC)ocm76261556
|
| 035 |
|
|
|a (OCoLC)76261556
|
| 037 |
|
|
|b Junior Library Guild
|n http://www.juniorlibraryguild.com
|
| 040 |
|
|
|a DLC
|c DLC
|d BAKER
|d BTCTA
|d TEF
|d YDXCP
|d EHH
|d VP@
|d UtOrBLW
|
| 042 |
|
|
|a lcac
|
| 049 |
|
|
|a TXAM
|
| 050 |
0 |
0 |
|a PZ7.C59118
|b No 2007
|
| 082 |
0 |
0 |
|a [Fic]
|2 22
|
| 100 |
1 |
|
|a Clements, Andrew,
|d 1949-2019.
|
| 245 |
1 |
0 |
|a No talking /
|c Andrew Clements ; illustrations by Mark Elliott.
|
| 250 |
|
|
|a 1st ed.
|
| 264 |
|
1 |
|a New York :
|b Simon & Schuster Books for Young Readers,
|c [2007]
|
| 264 |
|
4 |
|c ©2007
|
| 300 |
|
|
|a 146 pages :
|b illustrations ;
|c 22 cm.
|
| 336 |
|
|
|a text
|b txt
|2 rdacontent
|
| 337 |
|
|
|a unmediated
|b n
|2 rdamedia
|
| 338 |
|
|
|a volume
|b nc
|2 rdacarrier
|
| 586 |
8 |
|
|a A Junior Library Guild selection
|
| 521 |
8 |
|
|a Ages 8-12.
|
| 520 |
|
|
|a The noisy fifth grade boys of Laketon Elementary School challenge the equally loud fifth grade girls to a "no talking" contest.
|
| 650 |
|
1 |
|a Contests
|v Fiction.
|
| 650 |
|
1 |
|a Behavior
|v Fiction.
|
| 650 |
|
1 |
|a Communication
|v Fiction.
|
| 650 |
|
1 |
|a Schools
|v Fiction.
|
| 650 |
|
0 |
|a Contests
|v Juvenile fiction.
|
| 650 |
|
0 |
|a Conduct of life
|v Juvenile fiction.
|
| 650 |
|
0 |
|a Communication
|v Juvenile fiction.
|
| 650 |
|
0 |
|a Schools
|v Juvenile fiction.
|
| 700 |
1 |
|
|a Elliott, Mark,
|e illustrator.
|
| 856 |
4 |
2 |
|3 Publisher description
|u http://www.loc.gov/catdir/enhancements/fy0712/2006031883-d.html
|t 0
|
| 938 |
|
|
|a Baker & Taylor
|b BKTY
|c 15.99
|d 11.99
|i 1416909834
|n 0007082689
|s active
|
| 938 |
|
|
|a Baker and Taylor
|b BTCP
|n BK0007082600
|
| 938 |
|
|
|a YBP Library Services
|b YANK
|n 2569021
|
| 945 |
|
|
|a PromptCat
|b 291044
|
| 946 |
|
|
|a curr
|
| 947 |
|
|
|a A14836530705
|
| 948 |
|
|
|a cataloged
|b h
|c 2007/12/20
|d c
|e vilik
|f 3:30:03 pm
|
| 994 |
|
|
|a 92
|b TXA
|
| 999 |
|
|
|a MARS
|
| 999 |
f |
f |
|s 422d9417-93dc-3cbc-968d-b882c7b0ff77
|i 944da0b4-93d4-36b4-adb7-23bc1f387fd4
|t 0
|
| 952 |
f |
f |
|p normal
|a Texas A&M University
|b College Station
|c Sterling C. Evans Library
|d Evans: Curriculum Collection (4th floor)
|t 0
|e PZ7.C59118 No 2007
|h Library of Congress classification
|i unmediated -- volume
|m A14836530705
|
| 998 |
f |
f |
|a PZ7.C59118 No 2007
|t 0
|l Evans: Curriculum Collection (4th floor)
|